[Event "Steinfurt Bezirksklasse 1819"]
[Site "Germany"]
[Date "2018.11.10"]
[Round "2.3"]
[White "Ortmeier, Peter"]
[Black "Koelking, Helmut"]
[Result "0-1"]
[WhiteElo "1612"]
[BlackElo "1270"]
[PlyCount "113"]
[EventDate "2018.09.29"]
[EventType "team-tourn"]
[EventRounds "7"]
[EventCountry "GER"]
[SourceTitle "EXT 2020"]
[Source "ChessBase"]
[SourceDate "2019.10.17"]
[SourceVersion "1"]
[SourceVersionDate "2019.10.17"]
[SourceQuality "1"]
[WhiteTeam "Emsdetten Rochade V"]
[BlackTeam "Steinfurt IV"]
[WhiteTeamCountry "GER"]
[BlackTeamCountry "GER"]

1. e4 c5 2. Nf3 d6 3. d4 cxd4 4. Nxd4 Nc6 5. Nc3 Nf6 6. Be2 g6 7. Be3 Bg7 8. Qd2 0-0 9. f3 d5 10. exd5 Nxd5 11. Nxc6 bxc6 12. Nxd5 cxd5 13. c3 a5 14. 0-0 Ba6 15. Rab1 Bxe2 16. Qxe2 Rb8 17. Rfd1 e6 18. Qd3 Qc7 19. Bd4 e5 20. Bf2 Rfd8 21. Rdc1 Rbc8 22. Qe3 Qd6 23. Qb6 d4 24. Qxd6 Rxd6 25. cxd4 Rxc1+ 26. Rxc1 exd4 27. Rd1 Rd5 28. Rd3 Rc5 29. Bxd4 Bxd4+ 30. Rxd4 Rc1+ 31. Kf2 Rc2+ 32. Ke3 Rxb2 33. Ra4 Rxg2 34. Rxa5 Rxh2 35. a4 Ra2 36. Kf4 Kg7 37. Ra8 h6 38. a5 Ra4+ 39. Kg3 h5 40. a6 Kf6 41. a7 Kf5 42. Rb8 Rxa7 43. Rb5+ Kf6 44. Rb6+ Kg7 45. Rb3 Ra4 46. Rc3 Kh6 47. Rc7 f5 48. Rc3 Kg5 49. Kh3 Ra1 50. Kg2 h4 51. Kh3 Re1 52. Rb3 Kf4 53. Kg2 Re2+ 54. Kh3 Rc2 55. Rb4+ Kxf3 56. Rxh4 g5 57. Rh5 0-1

[Event "Steinfurt Bezirksklasse 1718"]
[Site "Germany"]
[Date "2018.01.20"]
[Round "4.2"]
[White "Ortmeier, Peter"]
[Black "Koelking, Helmut"]
[Result "1/2-1/2"]
[WhiteElo "1604"]
[BlackElo "1239"]
[PlyCount "38"]
[EventDate "2017.10.07"]
[EventType "team-tourn"]
[EventRounds "7"]
[EventCountry "GER"]
[SourceTitle "EXT 2019"]
[Source "ChessBase"]
[SourceDate "2018.10.10"]
[SourceVersion "1"]
[SourceVersionDate "2018.10.10"]
[SourceQuality "1"]
[WhiteTeam "Emsdetten Rochade VI"]
[BlackTeam "Steinfurt IV"]
[WhiteTeamCountry "GER"]
[BlackTeamCountry "GER"]

1. e4 c5 2. Nf3 Nc6 3. d4 cxd4 4. Nxd4 Nf6 5. Nc3 d6 6. Be2 g6 7. f3 Bg7 8. Be3 0-0 9. Qd2 a6 10. g4 Nxd4 11. Bxd4 e5 12. Be3 Be6 13. h4 d5 14. exd5 Nxd5 15. Nxd5 Qxd5 16. Qxd5 Bxd5 17. 0-0 f5 18. c4 Bc6 19. Rad1 f4 1/2-1/2

[Event "Steinfurt Bezirksklasse 1516"]
[Site "Germany"]
[Date "2015.11.14"]
[Round "3.4"]
[White "Koelking, Helmut"]
[Black "Bloom, Peter"]
[Result "1/2-1/2"]
[WhiteElo "1243"]
[BlackElo "1125"]
[PlyCount "42"]
[EventDate "2015.09.05"]
[EventType "team-tourn"]
[EventRounds "9"]
[EventCountry "GER"]
[SourceTitle "EXT 2017"]
[Source "ChessBase"]
[SourceDate "2016.10.25"]
[SourceVersion "1"]
[SourceVersionDate "2016.10.25"]
[SourceQuality "1"]
[WhiteTeam "Steinfurt IV"]
[BlackTeam "Reckenfeld II"]
[WhiteTeamCountry "GER"]
[BlackTeamCountry "GER"]

1. d4 d5 2. c4 Nf6 3. Nc3 e6 4. Bg5 Bb4 5. e3 0-0 6. Rc1 Nbd7 7. a3 Bxc3+ 8. Rxc3 c5 9. cxd5 exd5 10. dxc5 Qc7 11. Nf3 Ne4 12. Rc2 Qa5+ 13. b4 Qxa3 14. Qd4 Qa4 15. Bd3 Re8 16. 0-0 Qc6 17. Bf4 h6 18. Rd1 Ndf6 19. Ne5 Qe6 20. f3 Ng5 21. Bxg5 hxg5 1/2-1/2

[Event "Steinfurt Bezirksklasse 1415"]
[Site "Germany"]
[Date "2014.12.13"]
[Round "4.2"]
[White "Koelking, Helmut"]
[Black "Lagemann, Stefan"]
[Result "0-1"]
[WhiteElo "1297"]
[BlackElo "1967"]
[PlyCount "76"]
[EventDate "2014.09.20"]
[EventType "team-tourn"]
[EventRounds "9"]
[EventCountry "GER"]
[SourceTitle "EXT 2016"]
[Source "ChessBase"]
[SourceDate "2015.10.08"]
[SourceVersion "1"]
[SourceVersionDate "2015.10.08"]
[SourceQuality "1"]
[WhiteTeam "Steinfurt IV"]
[BlackTeam "Westerkappeln"]
[WhiteTeamCountry "GER"]
[BlackTeamCountry "GER"]

1. d4 Nf6 2. c4 c5 3. d5 e6 4. Nc3 exd5 5. cxd5 d6 6. Bg5 h6 7. Bh4 a6 8. Nf3 g5 9. Bg3 Bg7 10. Qc2 0-0 11. e3 b5 12. a3 Nh5 13. Bd3 f5 14. h3 Nxg3 15. fxg3 Qe7 16. Kf2 Qf6 17. Rhf1 Nd7 18. Kg1 Ne5 19. e4 f4 20. Nxe5 Qxe5 21. gxf4 gxf4 22. Rf3 Ra7 23. Raf1 Raf7 24. Qd2 Qd4+ 25. Kh1 c4 26. Ne2 Qxb2 27. Qxb2 Bxb2 28. Bc2 Be5 29. Rg1 Bd7 30. Rgf1 Kg7 31. g4 fxg3 32. Rxf7+ Rxf7 33. Rxf7+ Kxf7 34. Kg2 Kf6 35. Nxg3 Bxg3 36. Kxg3 Ke5 37. Kf3 Bxh3 38. Kg3 Bf1 0-1

[Event "Steinfurt Bezirksklasse 1415"]
[Site "Germany"]
[Date "2014.10.25"]
[Round "2.2"]
[White "Koelking, Helmut"]
[Black "Muhmann, Reinhard"]
[Result "1/2-1/2"]
[WhiteElo "1297"]
[BlackElo "1462"]
[PlyCount "98"]
[EventDate "2014.09.20"]
[EventType "team-tourn"]
[EventRounds "9"]
[EventCountry "GER"]
[SourceTitle "EXT 2016"]
[Source "ChessBase"]
[SourceDate "2015.10.08"]
[SourceVersion "1"]
[SourceVersionDate "2015.10.08"]
[SourceQuality "1"]
[WhiteTeam "Steinfurt IV"]
[BlackTeam "Emsdetten Rochade IV"]
[WhiteTeamCountry "GER"]
[BlackTeamCountry "GER"]

1. d4 d5 2. Nf3 Nf6 3. g3 Nbd7 4. Bg2 e6 5. 0-0 Be7 6. Nbd2 0-0 7. c4 c5 8. dxc5 Bxc5 9. cxd5 Nxd5 10. Nb3 N5f6 11. Nxc5 Nxc5 12. Qxd8 Rxd8 13. Be3 Nce4 14. Rfd1 Bd7 15. Ne5 Bc6 16. Rd4 Rxd4 17. Bxd4 Kf8 18. Rc1 Bb5 19. e3 Ke8 20. Rc7 Nd6 21. Bxb7 Rb8 22. Bc6+ Bxc6 23. Rxc6 Nb5 24. a4 Nxd4 25. exd4 Rxb2 26. Rc7 Ne4 27. Rxf7 a5 28. f3 Rb1+ 29. Kg2 Rb2+ 30. Kg1 Rb1+ 31. Kg2 Rb2+ 32. Kf1 Nc3 33. Ra7 Rxh2 34. Rxa5 Rh1+ 35. Kg2 Ra1 36. Ra7 Rxa4 37. Rxg7 Rxd4 38. Rg8+ Ke7 39. Nc6+ Kf7 40. Nxd4 Kxg8 41. Nxe6 Kf7 42. Nf4 Nb5 43. Kh3 Nd6 44. Kg4 Kf6 45. Nh5+ Kg6 46. f4 Nf5 47. Kf3 Kxh5 48. g4+ Kg6 49. gxf5+ Kxf5 1/2-1/2

[Event "Steinfurt Bezirksliga 1314"]
[Site "Germany"]
[Date "2014.03.22"]
[Round "7.6"]
[White "Koelking, Helmut"]
[Black "Ulunque Villazon, Stephen"]
[Result "0-1"]
[WhiteElo "1371"]
[BlackElo "1585"]
[PlyCount "60"]
[EventDate "2013.09.14"]
[EventType "team-tourn"]
[EventRounds "9"]
[EventCountry "GER"]
[SourceTitle "EXT 2015"]
[Source "ChessBase"]
[SourceDate "2014.11.20"]
[SourceVersion "1"]
[SourceVersionDate "2014.11.20"]
[SourceQuality "1"]
[WhiteTeam "Steinfurt III"]
[BlackTeam "Saerbeck II"]
[WhiteTeamCountry "GER"]
[BlackTeamCountry "GER"]

1. d4 Nf6 2. c4 g6 3. Nc3 Bg7 4. Nf3 d6 5. Bg5 0-0 6. e4 Bg4 7. h3 Bxf3 8. Qxf3 Nc6 9. Be3 Nd7 10. Qd1 e5 11. d5 Nd4 12. Bxd4 exd4 13. Nb5 Re8 14. Bd3 a6 15. Na3 Nc5 16. Qf3 f5 17. Qd1 Nxd3+ 18. Qxd3 fxe4 19. Qb3 d3 20. 0-0 Rb8 21. Nb1 Qf6 22. Nc3 Qd4 23. Rae1 e3 24. fxe3 Rxe3 25. Kh1 d2 26. Rxe3 Qxe3 27. Nd1 Qxb3 28. axb3 Re8 29. b4 Re1 30. Rg1 Bd4 0-1

[Event "Steinfurt Bezirksliga 1314"]
[Site "Germany"]
[Date "2013.12.14"]
[Round "4.7"]
[White "Koelking, Helmut"]
[Black "Muhmann, Reinhard"]
[Result "0-1"]
[WhiteElo "1371"]
[BlackElo "1405"]
[PlyCount "63"]
[EventDate "2013.09.14"]
[EventType "team-tourn"]
[EventRounds "9"]
[EventCountry "GER"]
[SourceTitle "EXT 2015"]
[Source "ChessBase"]
[SourceDate "2014.11.20"]
[SourceVersion "1"]
[SourceVersionDate "2014.11.20"]
[SourceQuality "1"]
[WhiteTeam "Steinfurt III"]
[BlackTeam "Emsdetten Rochade III"]
[WhiteTeamCountry "GER"]
[BlackTeamCountry "GER"]

1. d4 d5 2. Nf3 Nf6 3. b3 e6 4. Bb2 Be7 5. g3 0-0 6. Bg2 Nbd7 7. 0-0 b6 8. Nbd2 Bb7 9. c4 Rb8 10. Rc1 Re8 11. Qc2 c5 12. cxd5 Nxd5 13. dxc5 Nxc5 14. Rfd1 Bf6 15. Ba3 Nc3 16. Re1 N5e4 17. Bb4 Rc8 18. Nc4 Qc7 19. Nfd2 Nxd2 20. Bxb7 Qxb7 21. Nd6 Qd5 22. Nxe8 Nxe2+ 23. Rxe2 Rxc2 24. Rxc2 Nf3+ 25. Kf1 Nxh2+ 26. Ke1 Nf3+ 27. Kf1 Nh4 28. Ke1 Nf3+ 29. Kf1 Nd4 30. Nxf6+ gxf6 31. Ke1 Nxe2 32. Kxe2 0-1

[Event "Muensterland Verbandsklasse-A 1213"]
[Site "Germany"]
[Date "2013.04.20"]
[Round "8.8"]
[White "Carstensen, Jens"]
[Black "Koelking, Helmut"]
[Result "1-0"]
[WhiteElo "1648"]
[BlackElo "1434"]
[PlyCount "59"]
[EventDate "2012.09.15"]
[EventType "team-tourn"]
[EventRounds "9"]
[EventCountry "GER"]
[SourceTitle "EXT 2015"]
[Source "ChessBase"]
[SourceDate "2014.11.20"]
[SourceVersion "1"]
[SourceVersionDate "2014.11.20"]
[SourceQuality "1"]
[WhiteTeam "Neuenkirchen II"]
[BlackTeam "Steinfurt"]
[WhiteTeamCountry "GER"]
[BlackTeamCountry "GER"]

1. d4 Nf6 2. Nf3 g6 3. g3 Bg7 4. Bg2 0-0 5. 0-0 c6 6. c4 d5 7. Nbd2 b6 8. Re1 Bb7 9. Qc2 Nbd7 10. cxd5 cxd5 11. Nb3 Rc8 12. Qd3 Qc7 13. Bd2 Qc4 14. Qe3 e6 15. Bc3 Ne4 16. Nbd2 Nxd2 17. Nxd2 Qc7 18. Rac1 Qb8 19. Qd3 Rfe8 20. Nf3 h6 21. Bd2 Rxc1 22. Rxc1 Rc8 23. Nh4 Rxc1+ 24. Bxc1 Qc8 25. Bd2 Ba6 26. Qa3 Bf8 27. Qe3 Qc4 28. Nxg6 fxg6 29. Qxe6+ Kh7 30. Bxd5 1-0

[Event "Steinfurt Bezirksklasse 1213"]
[Site "Germany"]
[Date "2013.02.09"]
[Round "5.3"]
[White "Koelking, Helmut"]
[Black "Ortmeier, Peter"]
[Result "1/2-1/2"]
[WhiteElo "1430"]
[BlackElo "1727"]
[PlyCount "39"]
[EventDate "2012.09.29"]
[EventType "team-tourn"]
[EventRounds "9"]
[EventCountry "GER"]
[SourceTitle "EXT 2015"]
[Source "ChessBase"]
[SourceDate "2014.11.20"]
[SourceVersion "1"]
[SourceVersionDate "2014.11.20"]
[SourceQuality "1"]
[WhiteTeam "Steinfurt IV"]
[BlackTeam "Emsdetten Turm IV"]
[WhiteTeamCountry "GER"]
[BlackTeamCountry "GER"]

1. d4 d5 2. Nf3 Nf6 3. g3 Bf5 4. Nbd2 Nc6 5. c3 e6 6. Bg2 Be7 7. 0-0 0-0 8. Ng5 Re8 9. e4 dxe4 10. Ndxe4 h6 11. Nxf6+ Bxf6 12. Nf3 Rb8 13. Be3 a6 14. Qd2 Kh7 15. Rad1 Qe7 16. Rfe1 Rbd8 17. Qc1 Rd7 18. h3 Red8 19. Nh2 Qd6 20. g4 1/2-1/2

[Event "Steinfurt Bezirksklasse 0809"]
[Site "Germany"]
[Date "2009.03.28"]
[Round "6.3"]
[White "Koelking, Helmut"]
[Black "Stroot, Helmut"]
[Result "1/2-1/2"]
[WhiteElo "1362"]
[BlackElo "1280"]
[PlyCount "49"]
[EventDate "2008.09.13"]
[EventType "team-tourn"]
[EventRounds "7"]
[EventCountry "GER"]
[SourceTitle "EXT 2010"]
[Source "ChessBase"]
[SourceDate "2010.11.25"]
[SourceVersion "1"]
[SourceVersionDate "2010.11.25"]
[SourceQuality "1"]
[WhiteTeam "Steinfurt IV"]
[BlackTeam "Rheine CC"]
[WhiteTeamCountry "GER"]
[BlackTeamCountry "GER"]

1. d4 Nf6 2. c4 d6 3. Nc3 h6 4. Bf4 Bf5 5. e3 g5 6. Bg3 Nbd7 7. h3 Bg7 8. Qb3 Qc8 9. Be2 b6 10. Bf3 Rb8 11. Nb5 Nc5 12. dxc5 bxc5 13. Qc3 Nh5 14. Qa5 Nxg3 15. fxg3 0-0 16. e4 Bxe4 17. Bxe4 Qe6 18. Nc3 Bxc3+ 19. Qxc3 Qxe4+ 20. Kf2 Qd4+ 21. Qxd4 cxd4 22. b3 f5 23. Ke2 e5 24. Kd3 c5 25. Ne2 1/2-1/2

[Event "Steinfurt Bezirksklasse 0809"]
[Site "Germany"]
[Date "2008.11.08"]
[Round "2.4"]
[White "Schroeerluecke, Dieter"]
[Black "Koelking, Helmut"]
[Result "1/2-1/2"]
[WhiteElo "1273"]
[BlackElo "1362"]
[PlyCount "89"]
[EventDate "2008.09.13"]
[EventType "team-tourn"]
[EventRounds "7"]
[EventCountry "GER"]
[SourceTitle "EXT 2010"]
[Source "ChessBase"]
[SourceDate "2010.11.25"]
[SourceVersion "1"]
[SourceVersionDate "2010.11.25"]
[SourceQuality "1"]
[WhiteTeam "Ibbenbueren III"]
[BlackTeam "Steinfurt IV"]
[WhiteTeamCountry "GER"]
[BlackTeamCountry "GER"]

1. e4 c5 2. c4 d6 3. d3 g6 4. Be2 Bg7 5. Nf3 Nc6 6. 0-0 Nf6 7. h3 0-0 8. Nc3 a6 9. a3 Rb8 10. Rb1 Bd7 11. b4 Ne8 12. Bd2 Ne5 13. Nxe5 Bxe5 14. Qc1 Bg7 15. Bh6 Rc8 16. Bxg7 Kxg7 17. bxc5 Bc6 18. Bg4 e6 19. Qe3 dxc5 20. Rbd1 b6 21. Ne2 Nf6 22. Qg3 Qc7 23. Qxc7 Rxc7 24. Bf3 Rd8 25. Nc3 Nd7 26. d4 cxd4 27. Rxd4 Rdc8 28. Rfd1 Ne5 29. Be2 Bb7 30. f3 Nxc4 31. Bxc4 Rxc4 32. Ne2 b5 33. Rd7 R4c7 34. Nf4 Kf8 35. Rd8+ Ke7 36. R8d3 Rc1 37. Rxc1 Rxc1+ 38. Kh2 Rc4 39. Ne2 a5 40. Rb3 b4 41. axb4 Rxb4 42. Ra3 a4 43. Nc1 Rc4 44. Nd3 Bc6 45. Ne5 1/2-1/2

[Event "Steinfurt Bezirksliga 0708"]
[Site "Germany"]
[Date "2007.09.22"]
[Round "1.4"]
[White "Koelking, Helmut"]
[Black "Radisic, Sascha"]
[Result "0-1"]
[WhiteElo "1350"]
[BlackElo "1650"]
[PlyCount "54"]
[EventDate "2007.09.22"]
[EventType "team-tourn"]
[EventRounds "9"]
[EventCountry "GER"]
[SourceTitle "EXT 2009"]
[Source "ChessBase"]
[SourceDate "2008.11.26"]
[SourceVersion "1"]
[SourceVersionDate "2008.11.26"]
[SourceQuality "1"]
[WhiteTeam "Steinfurt III"]
[BlackTeam "Steinfurt II"]
[WhiteTeamCountry "GER"]
[BlackTeamCountry "GER"]

1. d4 Nf6 2. c4 e6 3. Nc3 Bb4 4. Bd2 0-0 5. a3 Bxc3 6. Bxc3 d5 7. e3 b6 8. b3 Nbd7 9. Bd3 Bb7 10. f3 c5 11. Ne2 Rc8 12. 0-0 Re8 13. Qe1 dxc4 14. Bxc4 Nd5 15. Bb2 Nxe3 16. Qc3 Nxf1 17. dxc5 Qg5 18. Nf4 Nxh2 19. Kxh2 Qxf4+ 20. g3 Qh6+ 21. Kg2 Rxc5 22. Rh1 Qf6 23. Qxf6 Nxf6 24. Bxf6 gxf6 25. Bd3 f5 26. Kf2 Rd8 27. Ke3 Rc3 0-1

[Event "Steinfurt Bezirkspokal-C"]
[Site "Germany"]
[Date "2005.12.30"]
[Round "4"]
[White "Koelking, Helmut"]
[Black "Van der Kolk, Janot"]
[Result "1/2-1/2"]
[WhiteElo "1419"]
[BlackElo "1456"]
[PlyCount "88"]
[EventDate "2005.??.??"]
[EventType "k.o."]
[EventRounds "4"]
[EventCountry "GER"]
[SourceTitle "EXT 2007"]
[Source "ChessBase"]
[SourceDate "2006.11.23"]
[SourceVersion "1"]
[SourceVersionDate "2006.11.23"]
[SourceQuality "1"]

1. d4 Nf6 2. c4 g6 3. Nc3 Bg7 4. Nf3 0-0 5. e4 d6 6. Bd3 Nbd7 7. 0-0 e5 8. Bg5 h6 9. Bh4 g5 10. Bg3 Nh7 11. dxe5 dxe5 12. Qc2 h5 13. h3 c6 14. Rad1 Qe7 15. a3 Kh8 16. b4 Rg8 17. b5 Bf6 18. Be2 Nc5 19. Ne1 h4 20. Bh2 g4 21. hxg4 Bxg4 22. f3 Be6 23. f4 exf4 24. Bxf4 Bg5 25. Qb2 Qf6 26. Bxg5 Qxg5 27. Na4+ f6 28. Nxc5 Qxc5+ 29. Kh1 Qg5 30. Rd6 h3 31. Bf3 Bxc4 32. Rf2 hxg2+ 33. Bxg2 Bxb5 34. Nf3 Qh6+ 35. Kg1 Rad8 36. Ne5 Rdf8 37. Nd7 Rxg2+ 38. Rxg2 Qe3+ 39. Kh1 Qh3+ 40. Kg1 Qe3+ 41. Qf2 Qc1+ 42. Kh2 Qh6+ 43. Kg1 Qc1+ 44. Kh2 Qh6+ 1/2-1/2